Kariera trenerska Luciena Favre. - Statystyki

Ogólne statystyki
  • Ten quiz został rozwiązany 16 razy
  • Średni wynik to 3 z 8
Statystyki odpowiedzi
Lata Drużyna % Poprawnych
2018-teraz Borussia Dortmund
100%
2016-2018 Nice
50%
2011-2015 Borussia Monchengladbach
44%
2007-2009 Hertha Berlin
44%
2000-2002 Servette
25%
1996-2000 Yverdon-Sport
6%
2003-2007 Zurich
6%
1991-1995 Echallens
0%
Nie znaleziono quizów pasujących do podanych kryteriów
Rozkład punktacji
Procent ludzi z każdym wynikiem
Percentyl według liczby udzielonych odpowiedzi
Twoja historia wyników
Nie rozwiązałeś tego quizu